LEADER 01213nam a2200265 u 4500 001 000000010615 003 CaOOAMICUS 005 20070226105334.0 008 940711s1913 gw u000 u ger u 035 $a10263994 040 $aPUL(R)$bita 100 1 $aBleckmann, Friedrich,$d1883-$0(OLS)http://pul/name/10416 245 10$aGriechische Inschriften zur griechischen Staatenkunde /$causgewält von F. Bleckmann. 260 $aBonn :$bA. Marcus und E. Weber,$c1913. 300 $a79 p. ;$c19 cm 490 1 $aKleine Texte für Vorlesungen und Übungen ;$v115. 650 0$aInscriptions, Greek.$2//eng$0(OLS)http://pul/subject/943 651 0$aGreece$xPolitics and government$xSources.$2//eng$0(OLS)http://pul/subject/8380 830 0$aKleine Texte für Vorlesungen und Übungen ;$v115.$0(OLS)http://pul/title/703 850 $aPUL 852 $aPUL$W1$xDP1 Fondo Ciprotti$y59$m1547 B 6$j15079$nBK-PRI$b $qFondi$B15079$CPULBib$Z2$F15079 $H $81 941 1 $a1 961 $aINV: Fondo Ciprotti 996 $6245$aGriechische Inschriften zur griechischen Staatenkunde$9(OLS)http://pul/title/15480 996 $6260$aBonn :$bA. Marcus und E. Weber$9(OLS)http://pul/publisher/48167 LEADER 01347nam a2200313 a 4500 001 000000126217 003 CaOOAMICUS 005 20110906163734.0 008 110906s2011 it u000 u ita r 040 $aPUL$bita 041 1 $aita$heng 082 04$a808.8 100 1 $aJames, Henry,$d1843-1916.$0(OLS)http://pul/name/80271 240 10$aAspern papers.$lItaliano.$0(OLS)http://pul/title/159377 245 13$aIl carteggio Aspern /$cHenry James ; introduzione di Alberto Arbasino ; traduzione di Nadia Fusini. 260 $aRoma :$bGruppo editoriale l'Espresso,$c©2011. 300 $a111 p. ;$c20 cm 490 1 $aGrandi della narrativa ;$v09 500 $aSul front.: La biblioteca di Repubblica. 700 1 $aArbasino, Alberto,$d1930-$0(OLS)http://pul/name/65436 700 1 $aFusini, Nadia.$0(OLS)http://pul/name/80272 830 0$aGrandi della narrativa (L'Espresso) ;$v09.$0(OLS)http://pul/title/159128 850 $aPUL 852 $aPUL$W1$xDP2 Cons. Gen., Altre Classi 3$y97$m808. 8 COLL 2.9$j145572$qDDC 21$B144441$CPULBib$Z2$F144441 $H117936 $82 941 1 $a9 996 $6082$a808.8$9(OLS)http://pul/classification/2065 996 $6245$aIl carteggio Aspern$9(OLS)http://pul/title/159378 996 $6260$aRoma :$bGruppo editoriale l'Espresso$9(OLS)http://pul/publisher/79104